Word Ladder: Villains Quiz Stats

 Plays Quiz Updated May 22, 2012

Support Sporcle.
Go Orange.
Score 0/27 Timer 04:00
0 Plays Today
Riddle Me This ? % Correct
'Lion King' villain★ SCAR ★
89.7%
'Peter Pan' villain★ HOOK ★
89.6%
Something you might curl up withBOOK
80.1%
Chowder ingredientCLAM
79.3%
Study hardCRAM
78%
Prepare cookies, sayBAKE
77.9%
Jaguar, Beetle, or goose noiseHONK
77.1%
Skeleton (or Skeletor) componentBONE
71.3%
'Batman' super-strong villain★ BANE ★
71%
Donut or basketball verbDUNK
69.9%
Shredded side dishSLAW
66.7%
'Inspector Gadget' villain★ CLAW ★
66.2%
Big noiseBOOM
65.5%
Vocal improvSCAT
63.9%
Riddle Me This ? % Correct
Damp or humidDANK
61.3%
'Simpsons' supervillain Scorpio★ HANK ★
58.3%
Word for 'thin strip' popular in word laddersSLAT
57%
Frank Herbert sci-fi seriesDUNE
49.8%
Sharon and Lois partnerBRAM
43.8%
'Legend of Sleepy Hollow' villain Bones★ BROM ★
42.2%
Paul David Hewson stage nameBONO
40.1%
'Gummi Bears' villain Igthorn's title★ DUKE ★
38.3%
Short name for a common viral infectionMONO
36.6%
'Rango' rattlesnake villain★ JAKE ★
36.1%
NFL fakeoutJUKE
34.7%
With next rung, 'Powerpuff Girls' villain★ MOJO ★
30.2%
With previous rung, 'Powerpuff Girls' villain★ JOJO ★
28.6%

Today's Daily Dose

Word Ladder
Math Aid

Get the Picture
Warrior Women

You're not logged in!

Compare scores with friends on all Sporcle quizzes.
OR
Log In
Forgot?

From the Vault

Missing Consonants

by yippeeyappee

Consonants these days are always getting lost so easily.
Remove Ads.
Support Sporcle.
Get the best of Sporcle when you Go Orange. This ad-free experience offers more features, more stats, and more fun while also helping to support Sporcle. Thank you for becoming a member.

Show Comments

Extras

Top Quizzes Today


Score Distribution

Your Account Isn't Verified!

In order to create a playlist on Sporcle, you need to verify the email address you used during registration. Go to your Sporcle Settings to finish the process.

Report this User

Report this user for behavior that violates our Community Guidelines.

Details: